|
|
|
|
| LEADER |
00000nam a2200000 a 4500 |
| 001 |
vtls001161512 |
| 003 |
SK-MaSNL |
| 005 |
20260302031509.0 |
| 008 |
250414s1973 xo 0 slo |
| 035 |
|
|
|a SNK000104419
|
| 040 |
|
|
|a SNK
|b slo
|c SNK
|e AACR2
|
| 041 |
0 |
|
|a slo
|
| 044 |
|
|
|a xo
|c SK
|
| 080 |
|
|
|a 688.74:792.02
|2 1981
|
| 080 |
|
|
|a 792.02
|2 1981
|
| 100 |
1 |
|
|a Roszkopf, Ignác E.
|4 aut
|9 679297
|
| 245 |
1 |
0 |
|a Scénografická výroba
|c Ignác E. Roszkopf
|
| 260 |
|
|
|a Martin
|b Matica slovenská
|c 1973
|e Martin
|f Matica slovenská
|
| 300 |
|
|
|a 118, [3] s.
|c 29 cm
|
| 490 |
0 |
|
|a Umenie
|v č. 5
|
| 852 |
|
|
|a Slovenská národná knižnica
|
| 958 |
|
|
|a OND
|
| 999 |
|
|
|c 1052613
|d 1054543
|
| 952 |
|
|
|a SNK
|b SNK
|y VYP
|7 0
|p 17A1536625
|o snkSB 52076 D1
|i snk2025/1752
|8 1
|0 0
|1 0
|4 0
|d 2025-02-04
|l 0
|r 2026-02-24 15:01:44
|w 2026-02-24
|
| 952 |
|
|
|a SNK
|b SNK
|y PREZ
|7 0
|p 17A0904985
|o snkSB 52076
|i snkD 45/94
|8 1
|0 0
|1 0
|4 0
|d 2013-03-25
|f 1
|l 0
|r 2025-03-14 00:00:00
|w 2026-02-24
|